00637nam a22001097a 4500040000800000082002700008100002100035245033400056260002600390300002400416856008700440 cRUA aAVM POV 2010 B091 Or.1 aPOV, SOTHEARITH. aStudy about small scale holder of cattle in samrong commune, ponhealue district, kandal province, ការសិក្សាអំីលារចិញ្ចឹមគោជាលក្ខណៈគ្រួសារនៅក្នុងឃុំសំរោង ស្រុកពញ្ញាឭ ខេត្តកណ្តាល. aphnom phenbRUAc2010 aX,53p.bill.c29cm. uhttps://drive.google.com/file/d/1nBoApHE9W5SS5QDjIwQS4e3t3d36Fr_s/view?usp=sharing